British Birds - Statistics

General Stats
  • This quiz has been taken 24 times
  • The average score is 141 of 309
Answer Stats
Native Status,
Migratory Status
Common Name Scientific Name % Correct
Native,Resident Rock Dove Columba livia
87%
Native,Resident Western Barn Owl Tyto alba
87%
Native,Summer Migrant Atlantic Puffin Fratercula arctica
80%
Native, Resident Common Blackbird Turdus merula
80%
Native,Resident and Passage Migrant Common Buzzard Buteo buteo
80%
Native,Resident Common Kingfisher Alcedo atthis
80%
Native,Resident Eurasian Blue Tit Cyanistes caeruleus
80%
Native,Resident Eurasian Jay Garrulus glandarius
80%
Native,Resident European Goldfinch Carduelis carduelis
80%
Native,Resident European Green Woodpecker Picus viridis
80%
Native,Resident Great Tit Parus major
80%
Native,Resident House Sparrow Passer domesticus
80%
Native,Resident Long-Eared Owl Asio otus
80%
Native,Resident Mallard Anas platyrhynchos
80%
Native,
Resident
Mute Swan Cygnus olor
80%
Reintroduced Native,Resident Red Kite Milvus milvus
80%
Introduced Canada Goose Branta canadensis
73%
Native,Resident Common Kestrel Falco tinnunculus
73%
Native,Resident Common Moorhen Gallinula chloropus
73%
Invasive Common Pheasant Phasianus colchicus
73%
Native,Resident Common Raven Corvus corax
73%
Native,Resident and Winter Migrant Common Starling Sturnus vulgaris
73%
Native,Summer Migrant Common Swift Apus apus
73%
Native,Resident Eurasian Collared Dove Streptopelia decaocto
73%
Native,Resident and Winter Migrant Eurasian Coot Fulica atra
73%
Native,Resident Eurasian Magpie Pica pica
73%
Native,Resident Eurasian Wren Troglodytes troglodytes
73%
Native,Resident European Greenfinch Chloris chloris
73%
Native,Resident European Robin Erithacus rubecula
73%
Native,Resident European Shag Gulosus aristotelis
73%
Native,Resident and Winter Migrant Goldcrest Regulus regulus
73%
Native,Resident Golden Eagle Aquila chrysaetos
73%
Native,Resident and Winter Migrant Grey Heron Ardea cinerea
73%
Native,Resident Rook Corvus frugilegus
73%
Native,Resident Song Thrush Turdus philomelos
73%
Native,Resident Tawny Owl Strix aluco
73%
Native,Resident Western Jackdaw Coleus monedula
73%
Reintroduced Native,Resident White-Tailed Eagle Haliaeetus albicilla
73%
Native,Winter Migrant Brent Goose Branta bernicla
67%
Native,Resident Carrion Crow Corvus corone
67%
Native,Resident and Winter Migrant Common Eider Somateria mollissima
67%
Native,Resident Common Woodpigeon Columba palumbus
67%
Introduced,Resident Egyptian Goose Alopochen aegyptica
67%
Native,Resident and Passage Migrant Eurasian Sparrowhawk Accipiter nisus
67%
Native,Summer Migrant European Nightjar Caprimulgus europaeus
67%
Native,Summer Migrant European Turtle Dove Streptopelia turtur
67%
Native,Resident Great Spotted Woodpecker Dendrocopus major
67%
Native,Resident and Winter Migrant Greylag Goose Anser anser
67%
Native,Resident and Passage Migrant Hen Harrier Cicrus cyaneus
67%
Native,Resident and Passage Migrant Little Egret Egretta garzetta
67%
Naturalised,Resident Little Owl Athene noctua
67%
Native,Resident Marsh Tit Poecile palustris
67%
Native,Resident and Winter Migrant Northern Pintail Anas acuta
67%
Native,Summer Migrant Osprey Pandion haliaetus
67%
Native,Resident Peregrine Falcon Falco peregrinus
67%
Native,Winter Migrant Pink-Footed Goose Anser brachyrhynchus
67%
Native,Resident and Winter Migrant Short-Eared Owl Asio flammeus
67%
Native,Summer Migrant Arctic Tern Sterna paradisaea
60%
Native,Winter Migrant Barnacle Goose Branta leucopsis
60%
Native,
Winter Migrant
Bewick's Swan Cygnus columbianus
60%
Native,Resident Black-Headed Gull Chroicocephalus ridibundus
60%
Vagrant Black Kite Milvus migrans
60%
Native,Resident Coal Tit Periparus ater
60%
Native,Summer Migrant Common Nightingale Luscinia megarhynchos
60%
Native,Summer Migrant Common Tern Sterna hirundo
60%
Native,Resident Dunnock Prunella modularis
60%
Native,Resident Eurasian Bullfinch Pyrrhula pyrrhula
60%
Native,Resident Eurasian Nuthatch Sitta europaea
60%
Native,Resident and Passage Migrant Eurasian Oystercatcher Haematopus ostralegus
60%
Native,Resident Eurasian Spoonbill Platalea leucordia
60%
Native,Resident Eurasian Tree Sparrow Passer montanus
60%
Native,Resident Eurasian Woodcock Scolopax rusticola
60%
Native,Resident Great Cormorant Phalacrocorax carbo
60%
Native,Resident and Winter Migrant Great Crested Grebe Podiceps cristatus
60%
Native,Resident Great White Egret Ardea alba
60%
Native,Resident Grey Partridge Perdix perdix
60%
Native,Resident Hooded Crow Corvus cornix
60%
Native,Resident and Winter Migrant Little Gull Hydrocoloeus minutus
60%
Native,Resident Long-Tailed Tit Aegithalos caudatus
60%
Native,Resident Merlin Falco columbarius
60%
Native,Resident Mistle Thrush Turdus viscivorus
60%
Native,Summer Migrant and Passage Migrant Northern Gannet Morus bassanus
60%
Native,Resident Pied Avocet Recurvirostra avosetta
60%
Native,Resident Pied Wagtail Motacilla albea
60%
Native,Resident and Summer Migrant Razorbill Alca torda
60%
Invasive Ring-Necked Parakeet Psittacula krameri
60%
NativeSummer Migrant Sandwich Tern Thalasseus sandvicensis
60%
Reintroduced Native,Resident Western Capercaillie Tetrao urogallus
60%
Native,Resident and Passage Migrant Western Marsh Harrier Circus aeruginosus
60%
Native,
Winter Migrant
Whooper Swan Cygnus cygnus
60%
Native,Summer Migrant Barn Swallow Hirundo rustica
53%
Native,Resident Bearded Tit Panurus biarmicus
53%
Extirpated Native,Now Vagrant Black-Crowned Night Heron Nycticorax nycticorax
53%
Reintroduced Native,Resident and Passage Migrant Common Crane Grus grus
53%
Native,Summer Migrant Common Cuckoo Cuculus canorus
53%
Native,Resident and Passage Migrant Common Firecrest Regulus ignicapillus
53%
Native,Resident and
Winter Migrant
Common Goldeneye Bucephala clangula
53%
Native,Resident and Summer Migrant Common Guillemot Uria aalge
53%
Native,Resident and Winter Migrant Common Gull Larus canus
53%
Native,Summer Migrant Common House Martin Delichon urbicum
53%
Native,Summer Migrant Common Sand Martin Riparia riparia
53%
Native,Resident and Summer Migrant Eurasian Blackcap Sylvia atricapilla
53%
Native,Resident Eurasian Chaffinch Fringilla coelebs
53%
Native,Summer Migrant Eurasian Hoopoe Upupa epops
53%
Native,Resident and Winter Migrant Eurasian Siskin Spinus spinus
53%
Native,Resident Eurasian Skylark Alauda arvensis
53%
Native,Resident Eurasian Treecreeper Certhia familiaris
53%
Native,Resident and
Winter Migrant
Eurasian Wigeon Mareca penelope
53%
Native,Resident European Herring Gull Larus argentatus
53%
Native,Summer Migrant and Passage Migrant European Honey Buzzard Pernis apivorus
53%
Native,Winter Migrant Fieldfare Turdus pilaris
53%
Native,Resident and Winter Migrant Goosander Mergus merganser
53%
Extinct Native Great Auk Pinguinus impennis
53%
Native,Resident Lesser Spotted Woodpecker Dryobates minor
53%
Native,Winter Migrant Little Auk Alle alle
53%
Native,Resident and Winter Migrant Little Grebe Tachybaptus ruficollis
53%
Native,Resident and
Winter Migrant
Long-Tailed Duck Clangula hemalis
53%
Introduced Mandarin Aix galericulata
53%
Native,Resident and Summer Migrant Northern Fulmar Fulmarus glacialis
53%
Native,Resident and Winter Migrant Northern Lapwing Vanellus vanellus
53%
Native,Resident and Winter Migrant Northern Shoveler Spatula clypeata
53%
Native,Resident Red Grouse Lagopus scotica
53%
Native,Winter Migrant Redwing Turdus iliacus
53%
Native,Resident Rock Ptarmigan Lagopus muta
53%
Native,Passage Migrant Rough-Legged Buzzard Buteo lagopus
53%
Native,Summer Migrant Western Yellow Wagtail Motacilla flava
53%
Reintroduced Native,Summer Migrant White Stork Ciconia ciconia
53%
Native,Resident and Passage Migrant Arctic Skua Stercorarius parasiticus
47%
Native,Resident Black Grouse Lyurus tetrix
47%
Native,Resident and Summer Migrant Black-Legged Kittiwake Rissa tridactyla
47%
Native,Resident and Winter Migrant Black-Necked Grebe Podiceps nigricollis
47%
Native,
Resident and
Winter Migrant
Black-Tailed Godwit Limosa limosa
47%
Native,Summer Migrant and Passage Migrant Common Chiffchaff Phylloscopus collybita
47%
Native,Resident and Passage Migrant Common Greenshank Tringa nebularia
47%
Native,Resident and Winter Migrant Common Shelduck Tadorna tadorna
47%
Native,Summer Migrant Corncrake Crex crex
47%
Native,Resident Eurasian Curlew Numenius arquata
47%
Extirpated Native,Now Vagrant Eurasian Eagle-Owl Bubo bubo
47%
Reintroduced Native,Resident Eurasian Goshawk Accipiter gentilis
47%
Native,Summer Migrant Eurasian Hobby Falco subbuteo
47%
Native,Resident and Winter Migrant Eurasian Teal Anas crecca
47%
Native,Summer Migrant European Bee-Eater Merops apiaster
47%
Native,Resident and Winter Migrant European Golden Plover Pluvialis apricaria
47%
Native,Resident European Rock Pipit Anthus petrosus
47%
Native,Resident and Winter Migrant Gadwall Mareca strepera
47%
Native,Summer Migrant Garganey Spatula querquedula
47%
Reintroduced Native,Resident Great Bustard Otis tarda
47%
Native,Winter Migrant and Passage Migrant Grey Plover Pluvialis squatarola
47%
Native,Resident Hawfinch Coccothraustes coccothraustes
47%
Native,Resident and Passage Migrant Lesser Black-Backed Gull Larus fiscus
47%
Native,Summer Migrant Marsh Warbler Acrocephalus palustris
47%
Vagrant Purple Heron Ardea purpurea
47%
Native,Resident Red-Billed Chough Pyrrhocorax pyrrhocorax
47%
Naturalised,Resident Red-Legged Partridge Alectoris rufa
47%
Native,Winter Migrant
and Passage Migrant
Sanderling Calidris alba
47%
Native,Resident Scottish Crossbill Loxia scotica
47%
Native,Resident and Winter Migrant Slavonian Grebe Podiceps auritus
47%
Native,Resident and Winter Migrant Snow Bunting Plectrophenax nivalis
47%
Native,Resident and Winter Migrant Tufted Duck Aythya fuligula
47%
Native,Winter Migrant Tundra Bean Goose Anser serrirostris
47%
Native,Resident Western Cattle Egret Bubulcus ibis
47%
Native,Summer Migrant Willow Warbler Phylloscopus trochilus
47%
Native,Resident Yellowhammer Emberiza citrinella
47%
Native,Winter Migrant and Passage Migrant Bar-Tailed Godwit Limosa lapponica
40%
Extirpated Native,Now Vagrant Black Stork Ciconia nigra
40%
Native,Summer Migrant and Passage Migrant Black Tern Chlidonias niger
40%
Native,Resident and Winter Migrant Black-Throated Diver Gavia arctica
40%
Native,Winter Migrant Bohemian Waxwing Bombycilla garrulus
40%
Native,Resident and Winter Migrant Common Pochard Aythya ferina
40%
Native,Summer Migrant Common Quail Coturnix coturnix
40%
Native,Resident Common Redshank Tringa totanus
40%
Native,Summer Migrant Common Redstart Phoenicurus phoenicurus
40%
Native,Resident and Winter Migrant Common Ringed Plover Charadrius hiaticula
40%
Native,Resident Corn Bunting Emberiza calandra
40%
Native,Resident Crested Tit Lophophanes cristatus
40%
Native,Winter Migrant and Passage Migrant Dunlin Calidris alpina
40%
Native,Resident and Winter Migrant Eurasian Bittern Botaurus stellaris
40%
Native,Summer Migrant Eurasian Golden Oriole Oriolus oriolus
40%
Native,Summer Migrant Eurasian Reed Warbler Acrocephalus scirpaceus
40%
Native,Summer Migrant Eurasian Stone-Curlew Burhinus oedicnemus
40%
Native,Summer Migrant and Passage Migrant Eurasian Whimbrel Numenius phaeopus
40%
Native,Passage Migrant European Serin Serinus serinus
40%
Native,Winter Migrant Glaucous Gull Larus hyperboreus
40%
Vagrant Glossy Ibis Plegadis falcinellus
40%
Native,Resident and Passage Migrant Great Black-Backed Gull Larus marinus
40%
Native,Winter Migrant Greater White-Fronted Goose Anser albifrons
40%
Native,Winter Migrant Grey Phalarope Phalaropus fulicaria
40%
Native,Resident Grey Wagtail Motacilla cinerea
40%
Native, Summer Migrant Little Tern Sternula albifrons
40%
Native,Passage Migrant Long-Tailed Skua Stercorarius longicaudus
40%
Native,Resident and Summer Migrant Mediterranean Gull Ichthyaetus melanocephalus
40%
Native,Summer Migrant and Passage Migrant Northern Wheatear Oenanthe oenanthe
40%
Native,Passage Migrant Pomarine Skua Stercorarius pomarinus
40%
Native,Resident and Winter Migrant Red-Breasted Merganser Mergus serrator
40%
Native,Resident Red Crossbill Loxia curvirostra
40%
Native,Winter Migrant and Passage Migrant Red Knot Calidris canutus
40%
Native,Resident and Winter Migrant Redpoll Acanthis flammea
40%
Native,Resident and Winter Migrant Red-Throated Diver Gavia stellata
40%
Introduced Ruddy Duck Oxyura jamaicensis
40%
Native,Winter Migrant and Passage Migrant Ruddy Turnstone Arenaria interpres
40%
Native,Resident and Winter Migrant Ruff Calidris pugnax
40%
Native,Winter Migrant
and Passage Migrant
Shore Lark Eremophila alpestris
40%
Native,Winter Migrant Smew Mergellus albellus
40%
Introduced Snow Goose Anser caerulescens
40%
Native,Winter Migrant Taiga Bean Goose Anser fabalis
40%
Native,Summer Migrant Tree Pipit Anthus trivialis
40%
Native,Resident and Winter Migrant Water Rail Rallus aquaticus
40%
Native,Resident White-Throated Dipper Cinclus cinclus
40%
Native,Resident Black Guillemot Cepphus grylle
33%
Vagrant Bluethroat Luscinia svecica
33%
Native,Winter Migrant Brambling Fringilla montifringilla
33%
Native,Summer Migrant Common Grasshopper Warbler Locustella naevia
33%
Native,Resident Common Reed Bunting Emberiza schoeniclus
33%
Native,Resident and Passage Migrant Common Sandpiper Actitis hypoleucus
33%
Native,Resident and Winter Migrant Common Snipe Gallinago gallinago
33%
Native,Summer Migrant Common Whitethroat Curruca communis
33%
Native,Resident Dartford Warbler Curruca undata
33%
Native,Summer Migrant Eurasian Wryneck Jynx torquilla
33%
Native,Resident and
Winter Migrant
Greater Scaup Aythya marilla
33%
Native,Winter Migrant Great Northern Diver Gavia immer
33%
Native,Resident and Passage Migrant Great Skua Stercorarius skua
33%
Native,Winter Migrant Iceland Gull Larus glaucoides
33%
Native,Winter Migrant and Passage Migrant Jack Snipe Lymnocryptes minimus
33%
Native,Summer Migrant Lesser Whitethroat Curruca curruca
33%
Native,Resident Meadow Pipit Anthus pratensis
33%
Introduced Muscovy Duck Cairina moschata
33%
Native,Resident Parrot Crossbill Loxia pytyopsittacus
33%
Extirpated,Now Vagrant Red-Backed Shrike Lanius collurio
33%
Native,Resident and Winter Migrant Red-Necked Grebe Podiceps grisegena
33%
Native,Resident and Winter Migrant Red-Necked Phalarope Phalaropus lobatus
33%
Native,Summer Migrant Roseate Tern Sterna dougallii
33%
Introduced Ruddy Shelduck Tadorna ferruginea
33%
Native, Summer Migrant Sedge Warbler Acrocephalus schoenobaenus
33%
Native,Resident Stock Dove Columba oenas
33%
Vagrant White-Winged Black Tern Chlidonias leucopterus
33%
Native,Resident Willow Tit Poecile montana
33%
Native,Summer Migrant Wood Warbler Phylloscopus sibilatrix
33%
Native,Summer Migrant
and Passage Migrant
Yellow-Legged Gull Larus michahellis
33%
Vagrant Alpine Swift Apus melba
27%
Native,Summer Migrant Black-Winged Stilt Himantopus himantopus
27%
Vagrant Citrine Wagtail Motacilla citreola
27%
Native,Resident Common Linnet Linaria cannabina
27%
Vagrant Common Rosefinch Carpodacus erythrinus
27%
Vagrant Cory's Shearwater Calonectris borealis
27%
Extirpated Native Dalmatian Pelican Pelecanus crispus
27%
Native,Winter Migrant and Passage Migrant Eurasian Dotterel Eudromias morinellus
27%
Native,Summer Migrant European Pied Flycatcher Ficedula albicollis
27%
Native,Resident European stonechat Saxicola rubicola
27%
Native,Summer Migrant European Storm Petrel Hydrobates pelagicus
27%
Native,Summer Migrant Garden Warbler Sylvia borin
27%
Native,Passage Migrant Great Shearwater Ardenna gravis
27%
Vagrant Icterine Warbler Hippolais icterina
27%
Native,Winter Migrant Lapland Bunting Calcarius lapponicus
27%
Vagrant Little Bittern Ixobrychus minutus
27%
Native,Summer Migrant Little Ringed Plover Charadrius dubius
27%
Native,Winter Migrant and Passage Migrant Little Stint Calidris minuta
27%
Native,Summer Migrant Manx Shearwater Puffinus puffinus
27%
Vagrant Pectoral Sandpiper Calidris melanotos
27%
Native,Winter Migrant and Purple Migrant Purple Sandpiper Calidris maritima
27%
Naturalised,Resident and Vagrant Red-Crested Pochard Netta rufina
27%
Vagrant Red-Footed Falcon Falco vespertinus
27%
Vagrant Richard's Pipit Anthus richardi
27%
Native,Summer Migrant Ring Ouzel Turdus torquatus
27%
Vagrant Sabine's Gull Xerna sabini
27%
Vagrant Surf Scoter Melanitta perspicillata
27%
Native,Resident and Passage Migrant Temminck's Stint Calidris temminckii
27%
Native,Summer Migrant and Passage Migrant Whinchat Saxicola rubetra
27%
Native,Resident and Summer Migrant Woodlark Lullula arborea
27%
Vagrant Arctic Warbler Phylloscopus borealis
20%
Native,Resident and Winter Migrant Black Redstart Phoenicurus ochruros
20%
Vagrant Caspian Gull Larus cachinnans
20%
Native,Resident Cetti's Warbler Cettia cetti
20%
Native,Winter Migrant and Passage Migrant Common Scoter Melanitta nigra
20%
Native,Winter Migrant and Passage Migrant Curlew Sandpiper Calidris ferruginea
20%
Vagrant Dusky Warbler Phylloscopus fuscatus
20%
Extirpated,Now Vagrant Great Grey Shrike Lanius excubitor
20%
Native,Winter Migrant and Passage Migrant Green Sandpiper Tringa ochropus
20%
Extirpated,Now Vagrant Kentish Plover Anarhynchus alexandrinus
20%
Vagrant Lesser Yellowlegs Tringa flavipes
20%
Vagrant Little Bunting Emberiza pusilla
20%
Native,Summer Migrant and Passage Migrant Montagu's Harrier Circus pygargus
20%
Vagrant Ortolan Bunting Emberiza hortulana
20%
Vagrant Pallas's Warbler Phylloscopus proregulus
20%
Vagrant Red-Flanked Bluetail Tarsiger cyanurus
20%
Native,Passage Migrant Sooty Shearwater Ardenna grisea
20%
Native,Summer Migrant Spotted Crake Porzana porzana
20%
Native,Summer Migrant Spotted Flycatcher Muscicapa striata
20%
Native,Winter Migrant and Passage Migrant Spotted Redshank Tringa erythropus
20%
Native,Resident Twite Linaria flavirostris
20%
Native,Winter Migrant Velvet Scoter Melanitta fusca
20%
Native,Winter Migrant Water Pipit Anthus spinoletta
20%
Native,Resident and Passage Migrant Wood Sandpiper Tringa glareola
20%
Native,Passage Migrant Balearic Shearwater Puffinus mauretanicus
13%
Vagrant Blyth's Reed Warbler Acrocephalus dumetorum
13%
Reintroduced Native,Resident Cirl Bunting Emberiza cirlus
13%
Vagrant European Red-Rumped Swallow Cecropis daurica
13%
Vagrant Greater Short-Toed Lark Calandrella brachydactyla
13%
Vagrant Greenish Warbler Phylloscopus trochiloides
13%
Native,Summer Migrant Leach's Storm Petrel Hydrobates leucorhous
13%
Vagrant Pallid Harrier Circus macrourus
13%
Native,Summer Migrant Yellow-Browed Warbler Phylloscopus inornatus
13%
Invasive Alexandrine Parakeet Psittacula eupatria
7%
Native,Passage Migrant Barred Warbler Curruca nisoria
7%
Vagrant Ferruginous Duck Aythya nyroca
7%
Vagrant Melodious Warbler Hippolais polyglotta
7%
Vagrant Radde's Warbler Phylloscopus schwarzi
7%
Vagrant Red-Breasted Flycatcher Ficedula parva
7%
Native,Summer Migrant Savi's Warbler Locustella luscinioides
7%
Vagrant Woodchat Shrike Lanius senator
7%
No matching quizzes found
Score Distribution
Percent of People with Each Score
Percentile by Number Answered
Your Score History
You have not taken this quiz